| 000 | 00870cam a22002774a 4500 | ||
|---|---|---|---|
| 001 | 13926309 | ||
| 003 | OSt | ||
| 005 | 20160525113820.0 | ||
| 008 | 050411s2005 nyua b 001 0 eng | ||
| 010 | _a 2005010258 | ||
| 020 | _a1594543488 | ||
| 040 | _aSEKU | ||
| 042 | _apcc | ||
| 050 | 0 | 0 |
_aRA 781 _b.T74 2005 |
| 245 | 0 | 0 |
_aTrends in exercise and health research / _cRachel L. Swan, editor. |
| 260 |
_aHauppauge, NY : _bNova Science Publishers, _cc2005. |
||
| 300 |
_axii, 246 p. : _bill. (some col.) ; _c26 cm. |
||
| 504 | _aIncludes bibliographical references and index. | ||
| 650 | 0 |
_aExercise _xHealth aspects. |
|
| 650 | 0 |
_aExercise _xPhysiological aspects. |
|
| 650 | 0 | _aPhysical fitness. | |
| 650 | 0 | _aHealth. | |
| 700 | 1 | _aSwan, Rachel L. | |
| 856 | 4 | 1 |
_3Table of contents _uhttp://www.loc.gov/catdir/toc/ecip0510/2005010258.html |
| 942 |
_2lcc _cGEN |
||
| 999 |
_c14626 _d14626 |
||